00519nam a22001457a 4500003000900000008004100009040007100050082002000121100003000141245005700171260004400228300002900272650003500301650003700336AR-CdUCM190315b ||||| |||| 00| 0 spa d aMUNICIPALIDAD PROVINCIAL DEL CUSCOcBIBLIOTECA MUNICIPAL DEL CUSCO a985.061 /bG22P aPaz Soldán, Luis Felipe aLa vida y la obra de Francisco García Calderón / aParís :bDesclée de Brouwer,c1946. a37 páginas ;c18.5 cm. aGarcía Calderón, Francisco aBiografías históricas-Perú